| 000 | 01214nam a2200253Ia 4500 | ||
|---|---|---|---|
| 003 | Ost | ||
| 005 | 20260507075648.0 | ||
| 008 | 260507s9999||||xx |||||||||||||| ||und|| | ||
| 020 | _a1393207977 | ||
| 040 | _cfsecg | ||
| 041 | _aara | ||
| 082 | _a5.7585 | ||
| 100 |
_aعبد النبي، هاني _eمؤلف |
||
| 245 | 0 |
_aالطريق الى احتراف SQL SERVER / _c هاني عبد النبي |
|
| 260 |
_aالقاهرة: _bدار الكتب العلمية للنشر والتوزيع, _c2004 |
||
| 300 |
_a416 صفحة؛ _bإيضاحات ؛ _c24 سم |
||
| 520 | _aمقدمة عن قواعد البيانات- جملة DATA SELECT- استخدمات متقدمة للأمرSELECT- انشاء عناصر قاعدة البيانات- التعامل مع البيانات- انشاء عناصر بيانات أخرى- التحكم في صلاحيات المستخدمين- الإجراءات الأحداث- تطبيق على قاعدة البيانات SQLباستخدام visual basic . | ||
| 653 | _aالإعلام الألي | ||
| 653 | _aالبرمجيات | ||
| 653 | _aالحاسوب | ||
| 653 | _aSQL SERVER | ||
| 700 |
_aعزب، عزب محمد _eمؤلف ثانوي |
||
| 942 | _cكتاب | ||
| 999 |
_c45539 _d45539 |
||